The Registration Act (XVI of 1908) (Record no. 343630)
[ view plain ]
| 000 -LEADER | |
|---|---|
| fixed length control field | 00390 a2200145 4500 |
| 082 ## - DEWEY DECIMAL CLASSIFICATION NUMBER | |
| Classification number | 346.499104 |
| 090 ## - LOCALLY ASSIGNED LC-TYPE CALL NUMBER (OCLC); LOCAL CALL NUMBER (RLIN) | |
| -- | 1099 |
| -- | 1099 |
| 100 ## - MAIN ENTRY--PERSONAL NAME | |
| Personal name | Mahmood,Shaukat |
| 245 ## - TITLE STATEMENT | |
| Title | The Registration Act (XVI of 1908) |
| Statement of responsibility, etc. | Shaukat Mahmood |
| 250 ## - EDITION STATEMENT | |
| Edition statement | sixth Revised edition |
| 260 ## - PUBLICATION, DISTRIBUTION, ETC. | |
| Place of publication, distribution, etc. | Lahore |
| Name of publisher, distributor, etc. | Legal Research centre |
| Date of publication, distribution, etc. | 2007 |
| 300 ## - PHYSICAL DESCRIPTION | |
| Extent | 359p |
| 500 ## - GENERAL NOTE | |
| General note | paper cover |
| 942 ## - ADDED ENTRY ELEMENTS (KOHA) | |
| Institution code [OBSOLETE] | NBS |
| Koha item type | Book |
| Call number prefix | 346.499104 MAH |
| Withdrawn status | Lost status | Damaged status | Not for loan | Permanent Location | Current Location | Date acquired | Total Checkouts | Full call number | Barcode | Date last seen | Date last checked out | Price effective from | Koha item type |
|---|---|---|---|---|---|---|---|---|---|---|---|---|---|
| NUST Law School (NLS) | NUST Law School (NLS) | 08/28/2013 | 1 | 346.499104 MAH | NBSD-1142 | 11/23/2017 | 08/18/2017 | 08/28/2013 | Book | ||||
| NUST Law School (NLS) | NUST Law School (NLS) | 08/28/2013 | 1 | 346.499104 MAH | NBSD-1143 | 11/23/2017 | 08/18/2017 | 08/28/2013 | Book |
